Sports Quiz

Random Sports or Clickable Quiz

Mid-South/UWF Heavyweight Wrestling Champs (clickable) Quiz Stats

Quiz not verified by Sporcle

Challenge
Share
Tweet
Embed
Score 0/23 Timer 02:00
0 Plays Today
% Correct
Dr. Death Steve Williams
92.8%
Ted Dibiase
90.3%
Hacksaw Jim Duggan
89.7%
Terry Gordy
88%
One Man Gang
86.1%
Butch Reed
85.2%
Junkyard Dog
84.4%
Terry Taylor
83%
Bill Watts
82.7%
Mr. Wrestling II
82.2%
Dick Murdoch
79.4%
Dick Slater
79.1%
% Correct
Ernie Ladd
77.7%
Big Bubba Rogers
77.2%
Magnum T.A.
76.9%
Jake Roberts
73%
Paul Orndorff
69.1%
Bob Roop
64.9%
The Nightmare
62.1%
The Grappler
58.8%
Brad Armstrong
57.1%
Mike George
54.3%
Nikolai Volkoff
47.1%

You're not logged in!

Compare scores with friends on all Sporcle quizzes.
Sign Up with Email
OR
Log In

You Might Also Like...

Show Comments

Extras

Top Quizzes Today


Score Distribution

Your Account Isn't Verified!

In order to create a playlist on Sporcle, you need to verify the email address you used during registration. Go to your Sporcle Settings to finish the process.